[Event "Malakhatko Memorial op"]
[Site "Chess.com INT"]
[Date "2023.06.14"]
[Round "8"]
[White "Maliutin, Oleksandr"]
[Black "Golichenko, Ilja"]
[Result "1-0"]
[WhiteElo "2214"]
[BlackElo "2427"]
[PlyCount "93"]
[EventDate "2023.06.14"]
[EventType "swiss (blitz)"]
[EventRounds "11"]
[EventCountry "USA"]
[SourceTitle "CBM 214 Extra"]
[Source "ChessBase"]
[SourceDate "2023.07.31"]
[SourceVersion "1"]
[SourceVersionDate "2023.07.31"]
[SourceQuality "1"]

1. Nf3 Nf6 2. b3 b6 3. Bb2 Bb7 4. g3 e6 5. Bg2 Be7 6. 0-0 0-0 7. d4 d5 8. c4 c5 9. e3 dxc4 10. bxc4 cxd4 11. exd4 Nc6 12. Nbd2 Na5 13. Rc1 Rc8 14. Re1 Qc7 15. d5 exd5 16. cxd5 Qd8 17. Rxc8 Bxc8 18. Nb3 Nxb3 19. Qxb3 Re8 20. Rd1 Bc5 21. Ne5 Ng4 22. Nd3 Bd6 23. Qc3 f6 24. h3 Ne5 25. Nf4 Bd7 26. Ne6 Qc8 27. Qd4 Qc2 28. Rd2 Qb1+ 29. Kh2 Qxa2 30. f4 Nc4 31. Nxg7 Rf8 32. Nh5 Nxd2 33. Nxf6+ Rxf6 34. Qxf6 Bf8 35. Qg5+ Kf7 36. Qf6+ Ke8 37. Qe5+ Kd8 38. Qb8+ Bc8 39. Qe5 Nc4 40. Qg5+ Ke8 41. Be5 Ne3 42. Qh5+ Kd8 43. Bf6+ Kd7 44. Qf7+ Kd6 45. Qxf8+ Kc7 46. Qe7+ Bd7 47. Qxe3 1-0

[Event "Kiev Blitz Marathon"]
[Site "Kiev"]
[Date "2023.04.23"]
[Round "39"]
[White "Maliutin, Oleksandr"]
[Black "Mikhaletz, Lubomir"]
[Result "0-1"]
[WhiteElo "2232"]
[BlackElo "2304"]
[PlyCount "80"]
[EventDate "2023.04.22"]
[EventType "tourn (blitz)"]
[EventRounds "54"]
[EventCountry "UKR"]
[SourceTitle "CBM 213 Extra"]
[Source "ChessBase"]
[SourceDate "2023.05.31"]
[SourceVersion "1"]
[SourceVersionDate "2023.05.31"]
[SourceQuality "1"]

1. c4 c6 2. Nf3 d5 3. e3 g6 4. Nc3 Bg7 5. d4 Nf6 6. Be2 0-0 7. 0-0 Bg4 8. Ne5 Bxe2 9. Qxe2 Nbd7 10. f4 e6 11. b3 Re8 12. Ba3 Qa5 13. Qb2 Rad8 14. Bd6 Bf8 15. b4 Qa6 16. Bxf8 Rxf8 17. c5 Nxe5 18. fxe5 Nd7 19. b5 Qa5 20. a4 f6 21. exf6 Nxf6 22. Rf3 e5 23. dxe5 Ng4 24. e6 Rde8 25. Rxf8+ Rxf8 26. Ne2 Qc7 27. Ng3 Re8 28. b6 axb6 29. cxb6 Qd6 30. a5 Rxe6 31. a6 bxa6 32. b7 Re8 33. Rxa6 Qc5 34. Qd4 Qc1+ 35. Nf1 Rf8 36. Qd3 Nxe3 37. h4 Rxf1+ 38. Kh2 Ng4+ 39. Kg3 Qf4+ 40. Kh3 Rh1# 0-1

[Event "Kiev Blitz Marathon"]
[Site "Kiev"]
[Date "2023.04.23"]
[Round "12"]
[White "Mikhaletz, Lubomir"]
[Black "Maliutin, Oleksandr"]
[Result "1-0"]
[WhiteElo "2304"]
[BlackElo "2232"]
[PlyCount "55"]
[EventDate "2023.04.22"]
[EventType "tourn (blitz)"]
[EventRounds "54"]
[EventCountry "UKR"]
[SourceTitle "CBM 213 Extra"]
[Source "ChessBase"]
[SourceDate "2023.05.31"]
[SourceVersion "1"]
[SourceVersionDate "2023.05.31"]
[SourceQuality "1"]

1. e4 c5 2. Nf3 d6 3. d4 cxd4 4. Nxd4 Nf6 5. Nc3 a6 6. h3 e5 7. Nde2 h5 8. f4 Qc7 9. Be3 b5 10. g3 b4 11. Nd5 Nxd5 12. exd5 Nd7 13. Bg2 h4 14. a3 Be7 15. axb4 hxg3 16. Qd3 exf4 17. Bxf4 Bf6 18. c3 Ne5 19. Qe3 Kf8 20. Nd4 Qc4 21. Qe2 Nd3+ 22. Kd2 Nxb2 23. Bxd6+ Kg8 24. Qe8+ Kh7 25. Be4+ Bf5 26. Bxf5+ Kh6 27. Qe3+ Bg5 28. Bf4 1-0

[Event "Kiev Spring op"]
[Site "Kiev"]
[Date "2023.03.25"]
[Round "1"]
[White "Kostenchuk, Oleksandra"]
[Black "Maliutin, Oleksandr"]
[Result "0-1"]
[WhiteElo "1506"]
[BlackElo "2232"]
[PlyCount "88"]
[EventDate "2023.03.25"]
[EventType "swiss"]
[EventRounds "9"]
[EventCountry "UKR"]
[SourceTitle "EXT 2024"]
[Source "ChessBase"]
[SourceDate "2023.10.10"]
[SourceVersion "1"]
[SourceVersionDate "2023.10.10"]
[SourceQuality "1"]

1. d4 Nf6 2. Nf3 c5 3. c3 Qc7 4. Bg5 Ne4 5. Bh4 d5 6. e3 Nc6 7. Be2 e6 8. Nbd2 cxd4 9. exd4 f5 10. Rc1 Bd6 11. c4 Qa5 12. a3 Nxd2 13. Qxd2 Qxd2+ 14. Nxd2 Nxd4 15. cxd5 Bf4 16. Bc4 g5 17. Bg3 Bxd2+ 18. Kxd2 f4 19. Kd3 b5 20. Ba2 e5 21. Rhe1 Bf5+ 22. Kd2 Kd7 23. Rxe5 Kd6 24. Ree1 Rac8 25. f3 fxg3 26. hxg3 Rhe8 27. Rxe8 Rxe8 28. Re1 Rc8 29. Rc1 Rxc1 30. Kxc1 Ne2+ 31. Kd2 Nxg3 32. Ke3 Bg6 33. f4 g4 34. f5 Nxf5+ 35. Kf4 h5 36. Kg5 Ng3 37. Bb3 Be8 38. Kf4 Nf1 39. g3 Nd2 40. Ba2 Bf7 41. Kg5 Bxd5 42. Bxd5 Kxd5 43. Kxh5 Ke4 44. Kxg4 Nf1 0-1

[Event "Kiev Anfield Cup 1st"]
[Site "Kiev"]
[Date "2022.09.25"]
[Round "6"]
[White "Maliutin, Oleksandr"]
[Black "Golichenko, Ilja"]
[Result "0-1"]
[WhiteElo "2232"]
[BlackElo "2413"]
[PlyCount "128"]
[EventDate "2022.09.24"]
[EventType "swiss"]
[EventRounds "9"]
[EventCountry "UKR"]
[SourceTitle "CBM 210 Extra"]
[Source "ChessBase"]
[SourceDate "2022.11.30"]
[SourceVersion "1"]
[SourceVersionDate "2022.11.30"]
[SourceQuality "1"]

1. c4 Nf6 2. Nc3 e5 3. g3 d5 4. cxd5 Nxd5 5. Nf3 Nc6 6. d3 Be7 7. Bg2 Be6 8. 0-0 0-0 9. Bd2 h6 10. Rc1 Qd7 11. Ne4 Bh3 12. Nc5 Bxc5 13. Rxc5 Bxg2 14. Kxg2 Rad8 15. Qa4 f5 16. Qc4 Kh7 17. b4 a6 18. a4 Nb6 19. Qh4 Rfe8 20. b5 axb5 21. axb5 Nd4 22. Nxd4 exd4 23. Qh5 Nd5 24. Rfc1 Re5 25. R1c4 Qe7 26. Qf3 Nf4+ 27. Bxf4 Rxc5 28. Rxc5 Qxc5 29. Qxb7 Rd7 30. h4 Qb6 31. Qa6 Rd5 32. Qc8 Rc5 33. Qd8 Rxb5 34. Qxc7 Qe6 35. Qc2 Qd5+ 36. Kh2 Rc5 37. Qa4 Ra5 38. Qe8 Ra1 39. f3 Ra2 40. h5 Ra8 41. Qe5 Qxe5 42. Bxe5 Ra2 43. Bxd4 Rxe2+ 44. Kh3 Rd2 45. Be5 Rxd3 46. Kg2 Rd2+ 47. Kh3 Rf2 48. f4 Rf3 49. Kg2 Rb3 50. Kh3 g5 51. hxg6+ Kxg6 52. Bd4 Rd3 53. Be5 Kh5 54. Bg7 Rd1 55. Be5 Rd2 56. Bg7 Kg6 57. Be5 Kf7 58. Bc3 Rc2 59. Be5 Ke6 60. Bg7 h5 61. Kh4 Rh2+ 62. Kg5 Rh3 63. Bd4 Rxg3+ 64. Kxh5 Rg4 0-1

[Event "Kiev Spring op"]
[Site "Kiev"]
[Date "2021.07.16"]
[Round "8"]
[White "Abdullayev, Azer"]
[Black "Maliutin, Oleksandr"]
[Result "0-1"]
[WhiteElo "2039"]
[BlackElo "2260"]
[PlyCount "60"]
[EventDate "2021.07.10"]
[EventType "swiss"]
[EventRounds "9"]
[EventCountry "UKR"]
[SourceTitle "EXT 2024"]
[Source "ChessBase"]
[SourceDate "2023.10.10"]
[SourceVersion "1"]
[SourceVersionDate "2023.10.10"]
[SourceQuality "1"]

1. d4 Nf6 2. c4 c5 3. d5 g6 4. Nc3 Bg7 5. g3 0-0 6. Bg2 e6 7. a4 Na6 8. Nf3 exd5 9. cxd5 d6 10. Nd2 Nd7 11. Nc4 Ne5 12. Na3 Re8 13. 0-0 Nb4 14. h3 f5 15. Kh2 a6 16. f4 Nd7 17. e4 Nf6 18. e5 dxe5 19. fxe5 Rxe5 20. Nc4 Re8 21. a5 Ne4 22. Bxe4 fxe4 23. Nb6 e3 24. Bxe3 Rxe3 25. Nxa8 Rxg3 26. Kxg3 Be5+ 27. Kf3 Qg5 28. Qe1 Qf5+ 29. Ke2 Qd3+ 30. Kf2 Bd4+ 0-1

[Event "Kiev Spring op"]
[Site "Kiev"]
[Date "2021.07.14"]
[Round "6"]
[White "Laptii, Nazar"]
[Black "Maliutin, Oleksandr"]
[Result "1-0"]
[WhiteElo "2107"]
[BlackElo "2260"]
[PlyCount "87"]
[EventDate "2021.07.10"]
[EventType "swiss"]
[EventRounds "9"]
[EventCountry "UKR"]
[SourceTitle "EXT 2024"]
[Source "ChessBase"]
[SourceDate "2023.10.10"]
[SourceVersion "1"]
[SourceVersionDate "2023.10.10"]
[SourceQuality "1"]

1. e4 c5 2. Nf3 Nc6 3. Bb5 g6 4. 0-0 Bg7 5. c3 e5 6. d3 Nge7 7. Be3 d6 8. Qd2 Bg4 9. Ne1 0-0 10. f4 f5 11. h3 Bh5 12. fxe5 Nxe5 13. d4 cxd4 14. cxd4 f4 15. Rxf4 Rxf4 16. Bxf4 Qb6 17. Nc3 N5c6 18. Nc2 g5 19. Bxg5 Bf7 20. Be3 Rc8 21. Rb1 Na5 22. d5 Bxc3 23. bxc3 Nc4 24. Qd4 Nxe3 25. Nxe3 Qxd4 26. cxd4 Bg6 27. Bd3 Rc7 28. Kf2 Nc8 29. g4 Nb6 30. h4 Re7 31. Kf3 Rf7+ 32. Kg3 Re7 33. Kf4 Rf7+ 34. Nf5 Bxf5 35. gxf5 Rc7 36. Rb2 Rc3 37. Be2 Rc1 38. Kg5 Kf7 39. Bh5+ Kf8 40. Kf6 Re1 41. Re2 Rd1 42. Ke6 Nc4 43. e5 Rb1 44. Rc2 1-0

[Event "Kiev Spring op"]
[Site "Kiev"]
[Date "2021.07.12"]
[Round "4"]
[White "Maliutin, Oleksandr"]
[Black "Kislinsky, Alexey"]
[Result "1/2-1/2"]
[WhiteElo "2260"]
[BlackElo "2404"]
[PlyCount "62"]
[EventDate "2021.07.10"]
[EventType "swiss"]
[EventRounds "9"]
[EventCountry "UKR"]
[SourceTitle "CBM 203 Extra"]
[Source "ChessBase"]
[SourceDate "2021.09.30"]
[SourceVersion "1"]
[SourceVersionDate "2021.09.30"]
[SourceQuality "1"]

1. c4 g6 2. Nf3 Bg7 3. d4 c5 4. d5 d6 5. e4 Nf6 6. Nc3 0-0 7. Be2 e6 8. 0-0 Re8 9. dxe6 Bxe6 10. Bf4 Nc6 11. Bxd6 Nd4 12. e5 Nd7 13. Nxd4 cxd4 14. Nb5 Nxe5 15. c5 d3 16. Bxd3 Nxd3 17. Qxd3 Rc8 18. Rad1 a6 19. Nc3 Qa5 20. Nd5 Bxd5 21. Qxd5 Qb5 22. Rd3 Qxb2 23. f4 Re2 24. f5 Qxa2 25. fxg6 hxg6 26. Qxb7 Rce8 27. h3 Rb2 28. Qc6 Ree2 29. Rg3 Rb1 30. Qc8+ Kh7 31. Qg4 Rxf1+ 1/2-1/2

[Event "Kiev Spring op"]
[Site "Kiev"]
[Date "2021.07.12"]
[Round "3"]
[White "Maliutin, Oleksandr"]
[Black "Onur, Cigdem"]
[Result "1-0"]
[WhiteElo "2260"]
[BlackElo "2024"]
[PlyCount "65"]
[EventDate "2021.07.10"]
[EventType "swiss"]
[EventRounds "9"]
[EventCountry "UKR"]
[SourceTitle "EXT 2024"]
[Source "ChessBase"]
[SourceDate "2023.10.10"]
[SourceVersion "1"]
[SourceVersionDate "2023.10.10"]
[SourceQuality "1"]

1. c4 Nf6 2. Nc3 g6 3. g3 Bg7 4. Bg2 0-0 5. d4 d6 6. Nf3 c6 7. 0-0 Qa5 8. e4 e5 9. d5 cxd5 10. cxd5 Bd7 11. a3 Rc8 12. Bd2 Qd8 13. Ne1 Na6 14. b4 Rc4 15. Qb3 Rac8 16. Rc1 Ng4 17. Nd3 f5 18. b5 Nb8 19. a4 Bh6 20. Bxh6 Nxh6 21. Nb2 R4c5 22. Ne2 fxe4 23. Rxc5 Rxc5 24. Nc3 Bf5 25. Nbd1 Nd7 26. h3 Nb6 27. g4 Bc8 28. Nxe4 Rc1 29. Qe3 Ra1 30. Qxh6 Nxd5 31. Ng5 Nf6 32. Bd5+ Nxd5 33. Qxh7+ 1-0

[Event "Mariupol CC 50th Aniversary"]
[Site "Mariupol"]
[Date "2021.06.11"]
[Round "5"]
[White "Maliutin, Oleksandr"]
[Black "Grinev, Valeriy"]
[Result "0-1"]
[WhiteElo "2244"]
[BlackElo "2441"]
[PlyCount "95"]
[EventDate "2021.06.08"]
[EventType "swiss"]
[EventRounds "9"]
[EventCountry "UKR"]
[SourceTitle "CBM 203 Extra"]
[Source "ChessBase"]
[SourceDate "2021.09.30"]
[SourceVersion "1"]
[SourceVersionDate "2021.09.30"]
[SourceQuality "1"]

1. Nf3 c5 2. g3 Nc6 3. e4 Nf6 4. d3 d5 5. Nbd2 e5 6. exd5 Nxd5 7. Bg2 Be7 8. 0-0 0-0 9. Re1 f6 10. c3 Kh8 11. Nb3 Bg4 12. h3 Bh5 13. Be3 Nxe3 14. Rxe3 Qc7 15. g4 Bf7 16. Qe2 Rfd8 17. Nbd2 Bf8 18. g5 Bh5 19. gxf6 gxf6 20. Ne4 Qf7 21. Ng3 Bg6 22. Nh4 Bh6 23. Ne4 Bxe3 24. fxe3 f5 25. Rf1 Rf8 26. Nxc5 Qe7 27. Nxg6+ hxg6 28. Nb3 Rad8 29. e4 f4 30. Bf3 a5 31. a4 Rd6 32. Bg4 Rfd8 33. Rf3 Qc7 34. Nc5 Re8 35. Kg2 Nb8 36. Nb3 Nd7 37. d4 b6 38. d5 Nf6 39. Nd2 Nxg4 40. hxg4 Kg7 41. Nc4 Rdd8 42. b3 Rh8 43. Qf2 Rb8 44. Rd3 Qe7 45. Kf3 Qg5 46. Qg2 Rh4 47. d6 Rbh8 48. Ke2 0-1